Statistics for Fast Typing animals

Click here to take the quiz!

General Stats

  • This quiz has been taken 304 times
  • The average score is 8 of 11

Answer Stats

HintAnswer% Correct
woofdog
98%
meowcat
96%
moocow
95%
oinkpig
93%
baasheep
92%
buzzbee
91%
nieghhorse
88%
hisssnake
88%
cluckchicken
81%
howlsnow wolf
11%
ooh oohmonky
6%

Score Distribution

Percentile by Number Answered

Percent of People with Each Score

Your Score History

You have not taken this quiz